Представление документа в формате RUSMARC

ПолеНазваниеЗначение
  Тип записи a
  Библиографический уровень m
001 Контрольный номер RU/REG73/CBS_GRAD/f307f789da024c99af20f7976a698643
005 Дата корректировки 20230322110611.6
010 Индекс ISBN __
a ISBN 5-15-000676-9
100 Данные общей обработки __
a Данные общей обработки 20230322d 0rusy0189## ca
101 Язык документа 0_
a Язык текста rus
102 Страна публикации __
a Страна публикации RU
200 Заглавие и сведения об ответственности 1_
a Заглавие Праздники для детей и взрослых
e Сведения, относящиеся к заглавию В 2-х книгах. Кн. 2
f Первые сведения об ответственности Автор-составитель Н. В. Чудакова
210 Выходные данные 1_
a Место издания Москва
c Издательство АСТ-ЛТД
d Дата издания 1997
215 Физическое описание __
a Объем 480 с.
610 Ключевые слова 0_
a Ключевые слова праздники
686 Индексы других классификаций __
a Классификационный индекс 63.5
801 Источник записи _0
a Страна RU
b Организация RuCBSGrad
c Дата составления 20230322
g Правила каталогизации RCR
801 Источник записи _1
a Страна RU
b Организация RuCBSGrad
c Дата составления 20230322
g Правила каталогизации RCR
901 Тип документа __
t Тип документа m